Players with 500+ matches for one club (2000-) (Top leagues only) - Statistics

General Stats
  • This quiz has been taken 47 times
  • The average score is 6 of 6
Answer Stats
Rank Player Positions Nationality Club Matches Goals (assists) Period % Correct
2 Lionel Messi RW 520 474 (216) 2004-2021
100%
6 Steven Gerrard CM 500 129 (111) 2000-2015
100%
5 Thomas Müller CF 503 150 (211) 2008-2025
100%
3 Koke CM 513 40 (97) 2009-2025
98%
1 Jesús Navas RB 578 27 (99) 2003-2013, 2017-2025
86%
4 Steve Mandanda GK 513 0 (0) 2007-2016, 2017-2022
84%
No matching quizzes found
Score Distribution
Percent of People with Each Score
Percentile by Number Answered
Your Score History
You have not taken this quiz